Taylor Swift Songs 2 - Statistics

General Stats
  • This quiz has been taken 18 times
  • The average score is 187 of 234
Answer Stats
% Correct
a
100%
I
100%
it
100%
It
100%
and
94%
And
94%
at
94%
But
94%
in
94%
In
94%
of
94%
on
94%
The
94%
the
94%
We
94%
we
94%
(we
94%
were
94%
1989
88%
all
88%
Are
88%
(Are
88%
I´m
88%
now
88%
to
88%
To
88%
too
88%
us
88%
was
88%
When
88%
when
88%
You
88%
you
88%
your
88%
Looking
82%
looking
82%
me
82%
my
82%
out
82%
out,
82%
seems
82%
so
82%
Then
82%
(then
82%
clear
76%
couch
76%
just
76%
Ooh,
76%
remember
76%
Remember
76%
screaming
76%
simple
76%
took
76%
woods
76%
woods?
76%
woods?)
76%
yet?
76%
Baby,
71%
baby,
71%
be
71%
black
71%
color
71%
could
71%
couldn´t
71%
did
71%
Good
71%
lying
71%
Polaroid
71%
rest
71%
said:
71%
Sun
71%
thinking
71%
up,
71%
white
71%
world
71%
came
65%
crying,
65%
decided
65%
decided)
65%
free
65%
from
65%
heat?
65%
hit
65%
hospital
65%
Last
65%
(last
65%
like
65%
night
65%
Out Of The Woods
65%
room
65%
soon?
65%
started
65%
stitches
65%
take
65%
Twenty
65%
apart
59%
back
59%
(back
59%
brakes
59%
built
59%
dance
59%
December
59%
December)
59%
discovered
59%
discovered)
59%
fall
59%
forget
59%
hanging
59%
move
59%
neck
59%
necklace
59%
quite
59%
setting
59%
together
59%
together)
59%
trees
59%
airplanes
53%
chance
53%
flying,
53%
flying
53%
paper
53%
stood
53%
turned
53%
Two
53%
walked
53%
forniture
12%
monters
6%
No matching quizzes found
Score Distribution
Percent of People with Each Score
Percentile by Number Answered
Your Score History
You have not taken this quiz